| 000 | 00429cam a2200169ua 4500 | ||
|---|---|---|---|
| 020 | _c3.50 | ||
| 041 |
_ahin _h |
||
| 082 |
_a891.43 _bRAH/AT |
||
| 100 | _aRahul, Sankruthyayan . | ||
| 245 |
_aAtith se varthman / _cRahul Sanskruthyan. _hTextual Documents |
||
| 260 |
_aVaranasi : _bHindi Pracharak Pusthakalayam , _c1965. |
||
| 300 | _a222 ; . | ||
| 365 | _a3.50 | ||
| 504 | _a | ||
| 942 | _cBK | ||
| 999 |
_c12521 _d12521 |
||